| 000 | 00561nam a2200157Ia 4500 | ||
|---|---|---|---|
| 003 | SGT | ||
| 020 | _a9788120307773 | ||
| 082 |
_a6.3 _bPAT |
||
| 100 | _aPatterson,Dan W | ||
| 245 | _aIntroducation to artificial intelligence and export systems | ||
| 260 |
_bPHI Learning Private Limited _aNew Delhi _c2001 |
||
| 300 | _a447p. | ||
| 650 | _aCOMPUTER SCIENCE | ||
| 653 | _aINTRODUCTION TO ARTIFICIAL INTELLIGENCE,KNOWLEDGE REPRESENTATION,KNOWLEDGE ORGANIZATION AND MANIPULATION,PERCEPTION COMMUNICATION AND EXPERT SYSTEMS,KNOWLEDGE ACQUISITION | ||
| 942 |
_2ddc _cBK |
||
| 999 |
_c5016 _d5016 |
||